|
|
|
|
| LEADER |
00860nam a22001937a 4500 |
| 020 |
|
|
|a 0140154620
|
| 082 |
|
|
|a 954
|b SOU
|
| 100 |
1 |
|
|a Hay,Stephen
|
| 245 |
1 |
0 |
|a Sources of Indian tradition
|
| 250 |
|
|
|a 2nd.
|
| 260 |
|
|
|a New Delhi:
|b Penguin Books,
|c 1988.
|
| 300 |
|
|
|a 2 v.433p.
|e Includes bibliographic references and index
|
| 500 |
|
|
|a Translations from various sources and by various individuals. In Two volumes Vol-2 Modern India and Pakistan. Vol.I From the beginning to 1800.
|
| 500 |
|
|
|a Includes index.
|
| 650 |
|
|
|a Indian History
|
| 942 |
|
|
|c BK
|
| 999 |
|
|
|c 94437
|d 94437
|
| 952 |
|
|
|0 0
|1 0
|4 0
|6 954_000000000000000_SOU_2
|7 0
|9 87027
|a SSS
|b SSS
|c GEN
|d 2011-07-01
|g 295.00
|l 0
|o 954 SOU.2
|p SSS03163
|r 2011-07-01
|w 2016-10-27
|y BK
|
| 952 |
|
|
|0 0
|1 0
|4 0
|6 954_000000000000000_SOU_1
|7 0
|9 87028
|a SSS
|b SSS
|c GEN
|d 2011-09-13
|g 295.00
|l 0
|o 954 SOU.1
|p SSS03162
|r 2011-09-13
|w 2016-10-27
|y BK
|